01864cam a2200349Ii 45000010014000000080041000140200034000550200034000890200030001230200031001530240032001840350021002160430021002370500024002580820016002821000033002982450105003312640044004363000040004804900072005205050428005926500059010206500059010796500036011386500036011746500042012106500042012527760053012948300073013478560075014209990019014959781315726489180706s2017 nyua ob 001 0 eng d a9781315726489q(e-book : PDF) a9781317537045q(e-book: Mobi) z9781138847828q(hardback) z9780367000271q(paperback)7 a10.4324/9781315726489 2doi a(OCoLC)960895264 ae-uk---an-us--- 4aHV1559.G6bT74 201704a323.3bT8141 aTrevisan, Filippo.,eauthor.10aDisability rights advocacy online :bvoice, empowerment and global connectivity /cFilippo Trevisan. 1aNew York ;aLondon :bRoutledge,c2017. a1 online resource (xvii, 249 pages)1 aRoutledge studies in global information, politics and society ;v130 a1. Disabled people, citizenship and new media -- 2. Online mobilisation in times of crisis -- 3. Keep calm and Tweet on : British disability advocacy goes digital -- 4. Policy issues and storytelling on Facebook -- 5. Communication flows, leadership and the emergence of 'peer-mediated' citizenship -- 6. One size fits all? British innovators and American 'conservatives' -- 7. New directions in disability rights advocacy. 0aPeople with disabilitiesxCivil rightszGreat Britain. 0aPeople with disabilitiesxCivil rightszUnited States. 0aSocial advocacyzGreat Britain. 0aSocial advocacyzUnited States. 0aInternet and activismzGreat Britain. 0aInternet and activismzUnited States.08iPrint version: z9781138847828w(DLC) 2016018726 0aRoutledge studies in global information, politics and society ;v13.40uhttps://www.taylorfrancis.com/books/9781315726489zClick here to view. c131065d131065